Možnosti využitia informačných technológií v cestovnom ruchu bakalárska práca

Uložené v:
Podrobná bibliografia
Hlavný autor: Buda, Marek
Korporativný autor: Obchodná fakulta EU. Katedra informatiky obchodných firiem
Ďalší autori: Potisková, Ingrid
Médium: Kniha
Jazyk:Slovak
Vydavateľské údaje: Bratislava 2015
Tagy: Pridať tag
Žiadne tagy, Buďte prvý, kto otaguje tento záznam!

MARC

LEADER 00000nbm a2200000 4500
001 0203349
005 20161212110424.8
041 0 |a slo 
044 |a SK 
245 1 0 |a Možnosti využitia informačných technológií v cestovnom ruchu  |b bakalárska práca  |c Marek Buda ; školiteľ: Ingrid Potisková 
264 1 |a Bratislava  |c 2015 
300 |a 35 s. 
100 1 |a Buda, Marek 
700 1 |a Potisková, Ingrid 
710 2 |a Obchodná fakulta EU. Katedra informatiky obchodných firiem